Score 0/15 Timer 02:30
0 Plays Today
Population Country % Correct
1535United States of America
97.9%
835China
93.8%
2215United Kingdom
91.7%
640India
89.6%
160France
83.3%
365Germany
81.3%
245Pakistan
70.8%
855Philippines
66.7%
Population Country % Correct
165Russia
64.6%
135South Africa
54.2%
315Syria
52.1%
140Portugal
50%
220Iraq
47.9%
185Nigeria
45.8%
215Egypt
37.5%
Remove Ads.
Support Sporcle.
Get the best of Sporcle when you Go Orange. This ad-free experience offers more features, more stats, and more fun while also helping to support Sporcle. Thank you for becoming a member.

You're not logged in!

Compare scores with friends on all Sporcle quizzes.
OR
Log In

Show Comments

Extras

Top Quizzes Today


Score Distribution

Your Account Isn't Verified!

In order to create a playlist on Sporcle, you need to verify the email address you used during registration. Go to your Sporcle Settings to finish the process.

Report this User

Report this user for behavior that violates our Community Guidelines.

Details: